Szegedi muzsikus Nyugaton

Elmentve itt :
Bibliográfiai részletek
Szerző: Nikolényi István
Dokumentumtípus: Cikk
Megjelent: 1966-08-26
Sorozat:Délmagyarország 56 No. 201
Kulcsszavak:Kiszin Miklós, Zenei élet Szeged 1966, cigányzene, népi zenekar
Online Access:http://dmarchiv.bibl.u-szeged.hu/76962
LEADER 00506nab a2200157 i 4500
001 delm76962
005 20180928084325.0
008 180928s1966 hu o 0|| hun d
040 |a SZTE Délmagyarország Archívum  |b hun 
041 |a hun 
100 1 |a Nikolényi István 
245 1 0 |a Szegedi muzsikus Nyugaton  |h [elektronikus dokumentum] /  |c  Nikolényi István 
260 |c 1966-08-26 
300 |a 5 
490 0 |a Délmagyarország  |v 56 No. 201 
695 |a Kiszin Miklós, Zenei élet Szeged 1966, cigányzene, népi zenekar